[Event "Titled Tuesday intern op 13th Jun Early"]
[Site "Chess.com INT"]
[Date "2023.06.13"]
[Round "8"]
[White "Lazavik, Denis"]
[Black "Babazada, Khazar Araz"]
[Result "1-0"]
[WhiteElo "2553"]
[BlackElo "2460"]
[PlyCount "147"]
[EventDate "2023.06.13"]
[EventType "swiss (blitz)"]
[EventRounds "11"]
[EventCountry "USA"]
[SourceTitle "EXT 2024"]
[Source "ChessBase"]
[SourceDate "2023.10.10"]
[SourceVersion "1"]
[SourceVersionDate "2023.10.10"]
[SourceQuality "1"]

1. d4 d5 2. c4 c6 3. Nf3 Nf6 4. Qc2 dxc4 5. Qxc4 Bf5 6. g3 e6 7. Bg2 Nbd7 8. 0-0 h6 9. Qb3 Qb6 10. Nbd2 Be7 11. Nc4 Qa6 12. Bf4 0-0 13. Bd6 Bxd6 14. Nxd6 Nb6 15. Nxf5 exf5 16. e3 Qc4 17. Qxc4 Nxc4 18. b3 Nd6 19. Ne5 Nd5 20. Rfc1 Rfc8 21. Nd3 Nf6 22. Kf1 Kf8 23. Ke2 Ke7 24. a3 g5 25. Rh1 Nde4 26. Rac1 h5 27. h4 g4 28. Nf4 Nd6 29. Rc5 a5 30. a4 Kf8 31. Rhc1 Kg7 32. Ke1 Ra6 33. Bf1 Rb6 34. Rb1 Kh6 35. Bd3 Nde4 36. Bxe4 fxe4 37. Rxa5 Nd5 38. Kd2 Rd8 39. Rc5 Nxf4 40. gxf4 Ra8 41. Kc2 Kg6 42. Rg5+ Kh6 43. Rd1 f6 44. Rc5 Kg6 45. d5 cxd5 46. Rdxd5 Raa6 47. Rxh5 Rd6 48. Rhd5 Rdc6 49. h5+ Kh6 50. Kc3 Rxc5+ 51. Rxc5 Rd6 52. Rf5 Rd3+ 53. Kc4 Rd2 54. Rxf6+ Kxh5 55. Rf8 Rxf2 56. Rh8+ Kg6 57. Kd4 Rb2 58. Kxe4 Rxb3 59. Rg8+ Kf6 60. Rxg4 Rb4+ 61. Kf3 Rxa4 62. Rh4 b5 63. Rh6+ Kf7 64. Rb6 Rb4 65. e4 Ke7 66. e5 Rb1 67. Ke4 b4 68. Kf5 b3 69. Rb7+ Kd8 70. Ke6 b2 71. f5 Kc8 72. Rb3 Kc7 73. f6 Kc6 74. f7 1-0

[Event "Aimchess Play In op"]
[Site "Chess.com INT"]
[Date "2023.06.12"]
[Round "1"]
[White "Babazada, Khazar Araz"]
[Black "Danielyan, Vahe"]
[Result "1/2-1/2"]
[WhiteElo "2460"]
[BlackElo "2346"]
[PlyCount "159"]
[EventDate "2023.06.12"]
[EventType "swiss (rapid)"]
[EventRounds "9"]
[EventCountry "USA"]
[SourceTitle "CBM 214 Extra"]
[Source "ChessBase"]
[SourceDate "2023.07.31"]
[SourceVersion "1"]
[SourceVersionDate "2023.07.31"]
[SourceQuality "1"]

1. e4 e5 2. Nf3 Nc6 3. Bb5 a6 4. Ba4 Nf6 5. 0-0 Be7 6. Re1 b5 7. Bb3 0-0 8. c3 d5 9. exd5 e4 10. Ng5 Ne5 11. Nxe4 Nxe4 12. Rxe4 Nd3 13. Re3 Nxc1 14. Qxc1 Bb7 15. Re2 Bg5 16. Qe1 Bxd5 17. Bxd5 Qxd5 18. Re5 Qd8 19. d4 Qf6 20. Nd2 Qh6 21. Nf3 Bf4 22. Re4 g5 23. g3 Bd6 24. Qd2 f5 25. Rh4 Qg6 26. Qxg5 Rae8 27. Kf1 Be7 28. Qxg6+ hxg6 29. Rh3 Bf6 30. Re1 Rxe1+ 31. Kxe1 Re8+ 32. Kd2 Kg7 33. Ne1 g5 34. Nd3 Re4 35. f3 Re7 36. g4 f4 37. Nc5 Re3 38. Nxa6 c6 39. Nc5 b4 40. Ne4 Be7 41. c4 b3 42. a3 Bd8 43. d5 cxd5 44. cxd5 Ba5+ 45. Nc3 Bxc3+ 46. bxc3 Re2+ 47. Kc1 Rc2+ 48. Kb1 Rxc3 49. Kb2 Rd3 50. a4 Kf6 51. a5 Ke5 52. Rh5 Kxd5 53. Rxg5+ Kc4 54. Rg8 Rd2+ 55. Kb1 Kb4 56. Kc1 Rxh2 57. a6 b2+ 58. Kb1 Ka3 59. Rb8 Rh1+ 60. Kc2 Rc1+ 61. Kd3 b1Q+ 62. Rxb1 Rxb1 63. a7 Rd1+ 64. Ke4 Rd8 65. Kxf4 Kb4 66. Kg5 Kc5 67. f4 Kd6 68. f5 Ke7 69. Kg6 Ra8 70. g5 Kf8 71. Kh7 Rxa7+ 72. Kh8 Ra4 73. Kh7 Kf7 74. g6+ Kf6 75. g7 Rh4+ 76. Kg8 Rg4 77. Kh8 Rh4+ 78. Kg8 Rc4 79. Kh8 Rh4+ 80. Kg8 1/2-1/2

[Event "Aimchess Play In op"]
[Site "Chess.com INT"]
[Date "2023.06.12"]
[Round "7"]
[White "Gareyev, Timur"]
[Black "Babazada, Khazar Araz"]
[Result "1-0"]
[WhiteElo "2590"]
[BlackElo "2460"]
[PlyCount "57"]
[EventDate "2023.06.12"]
[EventType "swiss (rapid)"]
[EventRounds "9"]
[EventCountry "USA"]
[SourceTitle "CBM 214 Extra"]
[Source "ChessBase"]
[SourceDate "2023.07.31"]
[SourceVersion "1"]
[SourceVersionDate "2023.07.31"]
[SourceQuality "1"]

1. d4 d5 2. c4 c6 3. Nf3 Nf6 4. Nc3 dxc4 5. e4 b5 6. Be2 g6 7. e5 Nd5 8. a4 b4 9. Ne4 Bf5 10. Ng3 c3 11. Nxf5 gxf5 12. e6 fxe6 13. Ne5 Bg7 14. Bh5+ Kf8 15. Nf7 Qc8 16. Nxh8 Bxh8 17. bxc3 bxc3 18. 0-0 Nd7 19. Bh6+ Bg7 20. Bxg7+ Kxg7 21. Qc1 N7f6 22. Qg5+ Kh8 23. Bf7 Qd7 24. Rfe1 Nc7 25. Qe3 Qd6 26. Bxe6 Ng4 27. Qg3 Qxd4 28. Qxc7 Nxf2 29. Qe5+ 1-0